Statistics for Countries and World Capitals Starting with H

Click here to take the quiz!

General Stats

  • This quiz has been taken 68 times
  • The average score is 6 of 8

Answer Stats

country / capital% Correct
Hungary
95%
Honduras
88%
Haiti
86%
Hanoi
84%
Harare
77%
Helsinki
72%
Honiara
70%
Havana
61%

Score Distribution

Percentile by Number Answered

Percent of People with Each Score

Your Score History

You have not taken this quiz